MARC
| LEADER | 00000 a a2200000 04500 | ||
|---|---|---|---|
| 001 | 34412 | ||
| 003 | cru CIDCACS/IIS | ||
| 005 | 20170512141039.0 | ||
| 008 | 170512b xxu||||| |||| 00| 0 spa d | ||
| 020 | |a 84-7222-868-1 | ||
| 040 | |c CIDCACS/IIS | ||
| 090 | |a SO05.01.01 C855a | ||
| 100 | |a Coulson, Margaret A. | ||
| 245 | |a Aproximación a la sociología / |c Margaret A. Coulson | ||
| 260 | |a Barcelona: |b Laia | ||
| 300 | |a 117 páginas | ||
| 700 | |a Riddell, David S. | ||
| 942 | |2 ddc |c LI | ||
| 999 | |c 17198 |d 17198 | ||



